Statistiques concernant Le mot "dernier" dans le titre de films

Cliquez ici pour prendre le quiz!

Statistiques générales

  • Ce quiz a été pris 181 fois
  • Le résultat moyen est 7 sur 20

Statistiques - réponses

TitreMot% Correct
Le dernier jour de ma ...vie
93%
Le dernier des ....Mohicans
78%
Le dernier j...jour
73%
Le dernier pour la ...route
51%
Le dernier roi d'....Ecosse
49%
Le dernier .... à Paristango
48%
Le dernier s. ...samouraï
40%
Le dernier maître de l'...air
40%
Le dernier vice-roi des ...indes
34%
Dernier ... connudomicile
34%
Le dernier e....empereur
32%
Le dernier m....métro
31%
Le dernier .... de Gun Hilltrain
29%
Le dernier v.....vol
10%
Le dernier de la ...liste
8%
Le dernier l...loup
6%
Le dernier n....nabab
6%
Le dernier s....samaritain
5%
Le dernier des ....templiers
4%
Le dernier g.. ....gang
4%

Distribution des résultats

Percentile par nombre de réponses

% des personnes avec chaque résultat

Votre développement - résultats

Vous n’avez pas pris ce quiz